000 00246nam a2200097Ia 4500
001 1102203
005 20250827003317.0
008 250824s9999 xx 000 0 und d
245 0 _aKİOK HAN
_cAHMET HALDUN TERZİOĞLU
260 _bPANAMA YAYINLARI
999 _c1102203
_d1102203